000 00306nam a2200133 i 4500
001 bg
100 1 _aHARMER, Jeremy
245 0 _aTeaching and learning grammar /
_cJeremy Harmer.
260 _aLondon,
_c1989.
040 _cBPK
041 _apol
942 _cKS
008 s pl f |000 0 pol
999 _c4709
_d4709
856 _uhttp://koha.tu.koszalin.pl/cgi-bin/koha/opac-detail.pl?biblionumber=4709
_yKatalog online BPK